Introduction to the numerical solution of markov chains / William J. Stewart (Record no. 22147)

000 -LEADER
fixed length control field 00346nam a22001217a 4500
020 ## - INTERNATIONAL STANDARD BOOK NUMBER
ISBN 9780691036991
082 ## - DEWEY DECIMAL CLASSIFICATION NUMBER
Classification number 519.23
100 ## - MAIN ENTRY--AUTHOR NAME
Personal name Stewart, William J.
245 ## - TITLE STATEMENT
Title Introduction to the numerical solution of markov chains / William J. Stewart
260 ## - PUBLICATION, DISTRIBUTION, ETC. (IMPRINT)
Year of publication c1994.
500 ## - GENERAL NOTE
General note Includes bibliographical references and index.
942 ## - ADDED ENTRY ELEMENTS (KOHA)
Koha item type Electronic Books
Holdings
Source of acquisition Permanent Location Date acquired Collection code Koha item type Lost status Shelving location Withdrawn status Current Location Full call number
DonationCagayan State University - Carig Library2026-04-15E-BooksElectronic Books E-Resource Section Cagayan State University - Carig Library519.23

Cagayan State University University Library, Carig Campus
Tuguegarao City, Cagayan 3500 | www.csucarig.edu.ph

Powered by Koha